| 000 | 00719nam a22002297a 4500 | ||
|---|---|---|---|
| 005 | 20150220110003.0 | ||
| 008 | 140714b xxu||||| |||| 00| 0 Urdu d | ||
| 010 | _aUR-8643 | ||
| 020 | q | _c250..00 | |
| 020 | _c978935073714 | ||
| 035 | _aU-7198 | ||
| 037 | _bDBAD/Pub. | ||
| 040 |
_aDPL _bUrdu |
||
| 082 | _a841 | ||
| 100 | _aعقيل ہا شمی | ||
| 245 |
_aنو يد بخشش :نعتيہ مجمو عہ _cعقيل ہا شمی |
||
| 246 |
_aNaveed-e-Bakhshish _bBy Dr. Aqeel Hashmi |
||
| 260 |
_aد ھلی _bEducational Publishing House _c2014 |
||
| 270 |
_a3108,Vakeel Street,Kucha Pandit,Lal Kuan _b.Delhi _e110006 |
||
| 300 |
_a182ص _c22Cm (Hb) |
||
| 942 |
_2ddc _cUR _e _h841 _mہ ا ش |
||
| 999 |
_c91644 _d91644 |
||